000 00665nam a2200193 i 4500
001 bg
100 1 _aWEROŃSKI, Andrzej
245 0 _aProblematyka trwałości elementów pracujących przy podwyższonych temperaturach /
_cAndzrej Weroński, Tadeusz Hejwowski ; Politechnika Lubelska.
260 _aLublin :
_bWydawnictwa PL,
_c1993.
300 _a197 s., [2] k. tabl. złoż. :
_bfot., rys., wykr. ;
_c24 cm.
504 _aBibliogr. s. 193-197.
700 1 _aHEJWOWSKI, Tadeusz
710 _aPOLITECHNIKA LUBELSKA (Lublin)
040 _cBPK
041 _apol
080 _a62-1/-8:620.1/.2](075.8)
942 _cKS
008 s pl f |000 0 pol
999 _c6309
_d6309
856 _uhttp://koha.tu.koszalin.pl/cgi-bin/koha/opac-detail.pl?biblionumber=6309
_yKatalog online BPK